Crossrail property impact study (Record no. 114725)

MARC details
000 -LEADER
fixed length control field 01083cad a22002415a 4500
001 - CONTROL NUMBER
control field L157331
008 - FIXED-LENGTH DATA ELEMENTS--GENERAL INFORMATION
fixed length control field 121019s2012 xxk f 000 0 eng d
035 ## - SYSTEM CONTROL NUMBER
System control number (Sirsi) u157331
041 0# - LANGUAGE CODE
Language code of text/sound track or separate title eng
110 2# - MAIN ENTRY--CORPORATE NAME
Corporate name or jurisdiction name as entry element Crossrail
9 (RLIN) 6116
245 00 - TITLE STATEMENT
Title Crossrail property impact study
Medium [electronic resource]
260 ## - PUBLICATION, DISTRIBUTION, ETC.
Place of publication, distribution, etc. London
Name of publisher, distributor, etc. Crossrail
Date of publication, distribution, etc. 2012
260 ## - PUBLICATION, DISTRIBUTION, ETC.
Place of publication, distribution, etc. London
Name of publisher, distributor, etc. Crossrail
Date of publication, distribution, etc. 2012
521 ## - TARGET AUDIENCE NOTE
Target audience note Assesses the impact the Crossrail project will have on residential and commercial property values along its route from Maidenhead in the West to Shenfield and Woolwich in the East between 2012 and 2021. Predicts that property values along the route will increase by up to £5.5 billion pounds.
590 ## - LOCAL NOTE (RLIN)
Local note KA NTK
650 24 - SUBJECT ADDED ENTRY--TOPICAL TERM
Topical term or geographic name entry element CROSSRAIL
651 #4 - SUBJECT ADDED ENTRY--GEOGRAPHIC NAME
Geographic name London
690 ## - LOCAL SUBJECT ADDED ENTRY--TOPICAL TERM (OCLC, RLIN)
Topical term or geographic name as entry element Residential property
9 (RLIN) 6266
690 ## - LOCAL SUBJECT ADDED ENTRY--TOPICAL TERM (OCLC, RLIN)
Topical term or geographic name as entry element Commercial property
9 (RLIN) 6227
710 1# - ADDED ENTRY--CORPORATE NAME
Corporate name or jurisdiction name as entry element GVA
9 (RLIN) 5945
856 40 - ELECTRONIC LOCATION AND ACCESS
Uniform Resource Identifier <a href="https://www.crossrail.co.uk/news/press-releases/crossrail-predicted-to-increase-property-values-by-55-billion#.UH03nm90NyI">https://www.crossrail.co.uk/news/press-releases/crossrail-predicted-to-increase-property-values-by-55-billion#.UH03nm90NyI</a>
Public note View the item free of charge from the www.crossrail.co.uk website
942 ## - ADDED ENTRY ELEMENTS (KOHA)
Suppress in OPAC 0
Holdings
Withdrawn status Lost status Source of classification or shelving scheme Damaged status Not for loan Home library Current library Shelving location Date acquired Total Checkouts Full call number Barcode Date last seen Copy number Price effective from Koha item type
    Dewey Decimal Classification     Virtual Virtual Online 19/10/2012   ONLINE PUBLICATION 157331-2001 06/08/2019 1 06/08/2019 Book